| 000 | 00486nam a2200205Ia 4500 | ||
|---|---|---|---|
| 003 | OSt | ||
| 005 | 20140312133604.0 | ||
| 008 | 140130s9999 xx 000 0 und d | ||
| 020 | _a0439385660 | ||
| 050 |
_aPZ 7 _b.R5996Rm 2002 |
||
| 100 | _aRodda, Emily | ||
| 245 |
_aRowan And The Travelers / _cEmily Rodda. |
||
| 260 |
_bScholastic, _c2002. _aNew York : |
||
| 300 |
_a169 p. : _c18 cm. |
||
| 440 | _v1 | ||
| 521 | _aG3 | ||
| 526 | _c560 | ||
| 942 |
_cBK _2lcc |
||
| 999 |
_c40656 _d40656 |
||